[Event "COL-ch U16"]
[Site "Villavicencio"]
[Date "2022.05.15"]
[Round "9"]
[White "Lozano Grazt, Joseth Stiven"]
[Black "Delgado Caballero, Nigel Alejandro"]
[Result "0-1"]
[WhiteElo "1105"]
[BlackElo "1315"]
[PlyCount "76"]
[EventDate "2022.05.11"]
[EventType "swiss"]
[EventRounds "9"]
[EventCountry "COL"]
[SourceTitle "CBM 208 Extra"]
[Source "ChessBase"]
[SourceDate "2022.07.31"]
[SourceVersion "1"]
[SourceVersionDate "2022.07.31"]
[SourceQuality "1"]

1. e4 e5 2. Nf3 Nc6 3. Bc4 Bc5 4. c3 Nf6 5. d4 exd4 6. cxd4 Bb4+ 7. Nc3 Nxe4 8. 0-0 Bxc3 9. bxc3 0-0 10. Qd3 d5 11. Bb5 Ne7 12. Ba3 c6 13. Ba4 Re8 14. c4 Bf5 15. cxd5 Nxd5 16. Rfe1 Qf6 17. Bc2 Nd6 18. Rxe8+ Rxe8 19. Qb3 Bxc2 20. Qxc2 Nb5 21. Bb2 h6 22. a4 Nbc7 23. h3 Ne6 24. Re1 Qd8 25. Qb3 b6 26. Qc2 Nef4 27. Qxc6 Rxe1+ 28. Nxe1 Qe7 29. Nf3 Qe2 30. Ba3 Qd1+ 31. Kh2 Qf1 32. Qc8+ Kh7 33. Qg4 Qxf2 34. Bf8 Ng6 35. Qe4 Ne3 36. Nh4 Nf1+ 37. Kh1 Ng3+ 38. Kh2 Nxe4 0-1

[Event "COL-ch U20"]
[Site "Tolima"]
[Date "2020.02.15"]
[Round "7"]
[White "Lozano Grazt, Joseth Stiven"]
[Black "Cifuentes Camacho, Miguel Angel"]
[Result "1/2-1/2"]
[WhiteElo "1349"]
[BlackElo "1191"]
[PlyCount "104"]
[EventDate "2020.02.12"]
[EventType "swiss"]
[EventRounds "7"]
[EventCountry "COL"]
[SourceTitle "CBM 195 Extra"]
[Source "ChessBase"]
[SourceDate "2020.05.31"]
[SourceVersion "1"]
[SourceVersionDate "2020.05.31"]
[SourceQuality "1"]

1. e4 e5 2. Nf3 Nc6 3. Bc4 Nf6 4. d3 Bc5 5. Bg5 h6 6. Bxf6 Qxf6 7. 0-0 Nd4 8. Nxd4 Bxd4 9. c3 Bb6 10. Nd2 d6 11. Nf3 Bg4 12. Bd5 c6 13. Bb3 h5 14. h3 Qh6 15. d4 0-0-0 16. Qd2 Bxf3 17. Qxh6 Rxh6 18. gxf3 exd4 19. cxd4 Bxd4 20. Bxf7 Bxb2 21. Rab1 Be5 22. Rb3 Rf8 23. Bc4 g5 24. Rfb1 b6 25. Ba6+ Kc7 26. a4 Rb8 27. a5 Rf6 28. Kf1 Rg6 29. Be2 Rh6 30. Rc1 g4 31. fxg4 hxg4 32. Bxg4 Rg8 33. Rf3 Rf6 34. Rxf6 Bxf6 35. axb6+ axb6 36. Re1 Ra8 37. f4 Ra1 38. Rxa1 Bxa1 39. h4 b5 40. Ke1 b4 41. Kd1 Bd4 42. Kc2 Bg7 43. h5 Kb6 44. Kb3 c5 45. Kc4 Kc7 46. e5 b3 47. Kxb3 dxe5 48. fxe5 Bxe5 49. Kc4 Kd6 50. h6 Kc6 51. h7 Kd6 52. Bf3 Bd4 1/2-1/2

[Event "COL-ch U20"]
[Site "Tolima"]
[Date "2020.02.15"]
[Round "6"]
[White "Varon Castaneda, Joseph Alejandro"]
[Black "Lozano Grazt, Joseth Stiven"]
[Result "0-1"]
[WhiteElo "1105"]
[BlackElo "1349"]
[PlyCount "68"]
[EventDate "2020.02.12"]
[EventType "swiss"]
[EventRounds "7"]
[EventCountry "COL"]
[SourceTitle "CBM 195 Extra"]
[Source "ChessBase"]
[SourceDate "2020.05.31"]
[SourceVersion "1"]
[SourceVersionDate "2020.05.31"]
[SourceQuality "1"]

1. e4 e5 2. Nf3 Nc6 3. Bc4 Nf6 4. Ng5 d5 5. exd5 Nxd5 6. Nxf7 Kxf7 7. Qf3+ Ke6 8. Nc3 Ncb4 9. Qe4 c6 10. f4 Bd6 11. 0-0 Bc5+ 12. Kh1 Bd4 13. f5+ Ke7 14. Nxd5+ cxd5 15. Qh4+ Ke8 16. Bb5+ Bd7 17. Bxd7+ Kxd7 18. Qxd8+ Raxd8 19. c3 Nc2 20. Rb1 Bb6 21. b3 Rhf8 22. Bb2 Rf6 23. Rbc1 Ne3 24. dxe3 Bxe3 25. Rce1 Bc5 26. Rxe5 Kd6 27. Rfe1 Kc7 28. c4 Kc6 29. Re8 Rxe8 30. Rxe8 Rxf5 31. h4 Rf1+ 32. Kh2 Rf4 33. g3 Rf2+ 34. Kh3 Rxb2 0-1

[Event "COL-ch U20"]
[Site "Tolima"]
[Date "2020.02.13"]
[Round "3"]
[White "Ruiz Orozco, Neider Santiago"]
[Black "Lozano Grazt, Joseth Stiven"]
[Result "1-0"]
[WhiteElo "1360"]
[BlackElo "1349"]
[PlyCount "47"]
[EventDate "2020.02.12"]
[EventType "swiss"]
[EventRounds "7"]
[EventCountry "COL"]
[SourceTitle "CBM 195 Extra"]
[Source "ChessBase"]
[SourceDate "2020.05.31"]
[SourceVersion "1"]
[SourceVersionDate "2020.05.31"]
[SourceQuality "1"]

1. e4 e5 2. Nf3 Nc6 3. Bc4 Nf6 4. Ng5 d5 5. exd5 Nxd5 6. d4 exd4 7. Nxf7 Qe7+ 8. Qe2 Qxe2+ 9. Kxe2 Ncb4 10. Nxh8 Nxc2 11. Bxd5 Nxa1 12. Bf7+ Kd8 13. Bg5+ Be7 14. Bxe7+ Kxe7 15. Na3 Bf5 16. Rxa1 Rxh8 17. Bc4 Rd8 18. Bd3 Kf6 19. Bxf5 Kxf5 20. Kd3 c5 21. Re1 Rd7 22. Nb5 a6 23. Na3 b5 24. b3 1-0

[Event "COL-ch U20"]
[Site "Tolima"]
[Date "2020.02.12"]
[Round "1"]
[White "Lozano Grazt, Joseth Stiven"]
[Black "Mora Munoz, John Alexander"]
[Result "0-1"]
[WhiteElo "1349"]
[BlackElo "1561"]
[PlyCount "84"]
[EventDate "2020.02.12"]
[EventType "swiss"]
[EventRounds "7"]
[EventCountry "COL"]
[SourceTitle "CBM 195 Extra"]
[Source "ChessBase"]
[SourceDate "2020.05.31"]
[SourceVersion "1"]
[SourceVersionDate "2020.05.31"]
[SourceQuality "1"]

1. e4 c5 2. Nf3 d6 3. Nc3 a6 4. d3 Nf6 5. g3 g6 6. Bg2 Bg7 7. 0-0 Nbd7 8. Bg5 Qc7 9. Bxf6 Nxf6 10. d4 cxd4 11. Qxd4 0-0 12. e5 Ne8 13. Rfe1 dxe5 14. Nxe5 Be6 15. Qe4 Nd6 16. Qf4 Qc5 17. Re3 Nf5 18. Ree1 Rad8 19. Bxb7 Rd4 20. Re4 Rxe4 21. Nxe4 Qxe5 22. Qxe5 Bxe5 23. Bxa6 Bxb2 24. Rb1 Bf6 25. a4 Nd4 26. c4 Bf5 27. Nxf6+ exf6 28. Rd1 Rd8 29. Bb5 Nf3+ 30. Kg2 Nh4+ 31. gxh4 Rxd1 32. c5 Rc1 33. c6 Be4+ 34. f3 Bxc6 35. Bxc6 Rxc6 36. Kg3 Ra6 37. f4 Rxa4 38. Kg4 h6 39. h5 gxh5+ 40. Kxh5 Rxf4 41. h4 Kf8 42. Kxh6 Rxh4# 0-1